01915nam a22002297a 450000500170000000800410001702000180005804000070007604100120008308200200009510000260011524500410014125000070018226000610018930000280025036500570027852011620033565000300149794200120152799900190153995201270155820260324100408.0260323b |||||||| |||| 00| 0 eng d a9789354661402 cAL aEnglish a621.38195bKANE aA Nagoor Kani9259125 a8085 microprocessor and applications a4. aNew DelhibCBS Publishers and Distributors Pvt Ltdc2022 axvi,446p.bPBc24x17cm. aVBI-2645b₹337.50c₹d₹450.00e25%f20-02-2026 aThis book is designed for the students of engineering, arts and science colleges of various universities in India. Also, this book will be a reference for practicing engineers in industries. This book deals with 8085 microprocessor architectures, programming, interfacing with peripherals and application case studies. This book is organized with 7 chapters. The fundamental concepts of architecture and assembly language programming of 8085 microprocessor are presented in an easiest and elaborative manner. The assembly language programs are illustrated with problem analysis, algorithm and flowchart for better understanding. The assembly language program codes are run on assemblers with sample data and list file and results are also presented for clear understanding of the reader and also useful for laboratory exercises. Salient Features Clear explanation of memory and peripheral interfacing with appropriate diagrams. Different types of fonts for text, examples and programs for better understanding. Step-by-step explanation of program and interfacing concepts Application case studies are explained with appropriate diagrams and sample programs. a Computer Science9259056 2ddccBK c241042d241042 00102ddc40708ISEaSEbSEd2026-03-06g337.50l0o621.38195 KANEpSE000287r2026-03-23 15:19:48v450.00w2026-02-20yBK